| 000 | 01275cam a2200265 4500500 | ||
|---|---|---|---|
| 005 | 20260426020058.0 | ||
| 041 | _afre | ||
| 042 | _adc | ||
| 100 | 1 | 0 |
_aNatanson, Madeleine _eauthor |
| 245 | 0 | 0 | _aLes enfants des bourreaux sont aussi des victimes |
| 260 | _c2005. | ||
| 500 | _a64 | ||
| 520 | _aLe secret qui entoure les comportements monstrueux des régimes totalitaires s’infiltre dans les familles. Comment les enfants de bourreaux peuvent-ils assumer leur héritage ? Peut-on « honorer » son père et sa mère sans prendre sur soi leurs crimes ? | ||
| 520 | _aThe torturers’ children are also victims The secrets around the awful acting of totalitarian regimes infiltrate families. How can torturers’children assume their heritage ? Can one honor one’s father and mother without taking responsibility for their crimes ? | ||
| 690 | _aBourreaux | ||
| 690 | _aCulpabilité | ||
| 690 | _aShoah | ||
| 690 | _aVictimes | ||
| 690 | _aCulpability | ||
| 690 | _aShoah (Jews genocide) | ||
| 690 | _aTorturers | ||
| 690 | _aVictims | ||
| 786 | 0 | _nImaginaire & Inconscient | 15 | 1 | 2005-03-01 | p. 201-208 | 1628-9676 | |
| 856 | 4 | 1 | _uhttps://shs.cairn.info/revue-imaginaire-et-inconscient-2005-1-page-201?lang=fr&redirect-ssocas=7080 |
| 999 |
_c2225404 _d2225404 |
||